Do we need large-scale water transfers for south east England? (Record no. 105851)

MARC details
000 -LEADER
fixed length control field 00971cab a2200193 4500
001 - CONTROL NUMBER
control field ##L134936
008 - FIXED-LENGTH DATA ELEMENTS--GENERAL INFORMATION
fixed length control field 060911n2006 000 0 eng u
035 ## - SYSTEM CONTROL NUMBER
System control number (Sirsi) u134936
041 0# - LANGUAGE CODE
Language code of text/sound track or separate title eng
110 2# - MAIN ENTRY--CORPORATE NAME
Corporate name or jurisdiction name as entry element England and Wales
Subordinate unit Environment Agency
9 (RLIN) 2469
245 00 - TITLE STATEMENT
Title Do we need large-scale water transfers for south east England?
260 ## - PUBLICATION, DISTRIBUTION, ETC.
Place of publication, distribution, etc. London
Name of publisher, distributor, etc. Environment Agency
Date of publication, distribution, etc. 2006
520 ## - SUMMARY, ETC.
Summary, etc. Report concludes that a large-scale water grid is not the answer to the south east's water shortages. More satisfactory, sustainable options are measures such as reducing leaks, encouraging users to save water and sharing water between regions.
590 ## - LOCAL NOTE (RLIN)
Local note IKA190906
651 #4 - SUBJECT ADDED ENTRY--GEOGRAPHIC NAME
Geographic name England and Wales
Chronological subdivision 1543-
690 ## - LOCAL SUBJECT ADDED ENTRY--TOPICAL TERM (OCLC, RLIN)
Topical term or geographic name as entry element ENVIRONMENTAL AND LAND CONSULTANCY-WATER RESOURCE MANAGEMENT
856 40 - ELECTRONIC LOCATION AND ACCESS
Uniform Resource Identifier <a href="https://www.environment-agency.gov.uk/static/documents/Research/grid_1464452.pdf">https://www.environment-agency.gov.uk/static/documents/Research/grid_1464452.pdf</a>
Public note View the report free of charge at the www.environment-agency.gov.uk website.
942 ## - ADDED ENTRY ELEMENTS (KOHA)
Suppress in OPAC 0
Holdings
Withdrawn status Lost status Source of classification or shelving scheme Damaged status Not for loan Home library Current library Shelving location Date acquired Total Checkouts Full call number Barcode Date last seen Copy number Price effective from Koha item type
    Dewey Decimal Classification     Virtual Virtual Online 11/09/2006   ONLINE PUBLICATION 134936-1001 06/08/2019 1 06/08/2019 Book